Deutsche Städte mit "J" - Statistiken

Allgemein
  • Dieses Quiz wurde 107 mal gespielt
  • Das Durchschnittsergebnis liegt bei 6 aus 11
Antwortstatistiken
Bundesland Stadt % Korrekt
Thüringen Jena
98%
Nordrhein-Westfalen Jülich
78%
Niedersachsen Jever
68%
Sachsen-Anhalt Jerichow
60%
Sachsen Johanngeorgenstadt
50%
Sachsen-Anhalt Jessen (Elster)
43%
Nordrhein-Westfalen Jüchen
43%
Brandenburg Jüterbog
35%
Mecklenburg-Vorpommern Jarmen
32%
Brandenburg Joachimsthal
32%
Sachsen Jöhstadt
12%
Keine übereinstimmenden Quizze gefunden
Verteilung der Resultate
Anzahl Personen mit jedem Resultat
Perzentil nach korrekt beantworteten Fragen
Ihre Resultats-Entwicklung
Sie haben dieses Quiz noch nicht gespielt